000 00456nam a22001457a 4500
020 _a9788131505861
082 _a621.31042 CAR
100 _aCarlson, A. Bruce
245 _aCircuits : engineering concepts and analysis of linear electric circuits
260 _aNew Delhi, India
_bCengage Learning
_c2000
300 _axx, 840 p.
_bill. ;
500 _aIncludes index.
650 _a1. Electric circuits, Linear. 2. Electric circuit analysis.
942 _cBK
999 _c12447
_d12447